00413nam a2200145Ia 4500008004100000020001800041041001200059082001500071100005400086245005000140250001200190260003100202300001300233650002100246231217s9999 xx 000 0 und d a981-240-239-X aEnglish a659.2 NEW aNewsom, Doug Turk, Judy Vanslyke Kruckeberg, Dean 0aThis is PR: The realities of public relations a7th ed. c2000bWadsworthaAustralia axvii+553 aPublic relations